[Event "English Open Championship 2024"]
[Site "Holiday Inn, 212 Abbey End, Kenilworth CV8 1ED, United Kingdom"]
[Date "2024.06.21"]
[Round "4.33"]
[White "Gibson, Christopher A"]
[Black "Alldritt, Nigel Re"]
[Result "1-0"]
[TimeControl "G90 + 30secs/move"]
[WhiteFideId "414697"]
[BlackFideId "404543"]
[WhiteElo "1851"]
[BlackElo "1974"]

1. d4 {[%clk 01:30:56]} {[%emt 00:00:04]} Nf6 {[%clk 01:30:55]} {[%emt
00:00:05]} 2. c4 {[%clk 01:31:22]} {[%emt 00:00:04]} g6 {[%clk 01:31:19]}
{[%emt 00:00:06]} 3. Nc3 {[%clk 01:31:48]} {[%emt 00:00:04]} d5 {[%clk
01:31:45]} {[%emt 00:00:04]} 4. cxd5 {[%clk 01:32:14]} {[%emt 00:00:04]} Nxd5
{[%clk 01:32:10]} {[%emt 00:00:05]} 5. e4 {[%clk 01:32:38]} {[%emt 00:00:06]}
Nxc3 {[%clk 01:32:34]} {[%emt 00:00:06]} 6. bxc3 {[%clk 01:33:05]} {[%emt
00:00:03]} Bg7 {[%clk 01:32:46]} {[%emt 00:00:17]} 7. Nf3 {[%clk 01:33:30]}
{[%emt 00:00:05]} c5 {[%clk 01:31:30]} {[%emt 00:01:47]} 8. Rb1 {[%clk
01:33:54]} {[%emt 00:00:07]} O-O {[%clk 01:31:32]} {[%emt 00:00:27]} 9. Be2
{[%clk 01:34:20]} {[%emt 00:00:03]} cxd4 {[%clk 01:30:18]} {[%emt 00:01:45]} 10.
cxd4 {[%clk 01:34:44]} {[%emt 00:00:07]} Qa5+ {[%clk 01:30:06]} {[%emt
00:00:42]} 11. Bd2 {[%clk 01:35:02]} {[%emt 00:00:11]} Qxa2 {[%clk 01:30:06]}
{[%emt 00:00:31]} 12. O-O {[%clk 01:33:41]} {[%emt 00:01:49]} Qe6 {[%clk
01:05:37]} {[%emt 00:24:59]} 13. Bd3 {[%clk 01:25:43]} {[%emt 00:08:29]} b6
{[%clk 00:58:48]} {[%emt 00:07:20]} 14. Re1 {[%clk 01:22:32]} {[%emt 00:03:40]}
Qd7 {[%clk 00:53:58]} {[%emt 00:05:20]} 15. d5 {[%clk 01:12:38]} {[%emt
00:10:24]} Ba6 {[%clk 00:51:14]} {[%emt 00:03:13]} 16. Bc2 {[%clk 01:11:51]}
{[%emt 00:01:18]} Bc4 {[%clk 00:50:40]} {[%emt 00:01:04]} 17. Bf4 {[%clk
01:09:49]} {[%emt 00:02:32]} Ba2 {[%clk 00:34:47]} {[%emt 00:16:24]} 18. Ra1
{[%clk 00:55:49]} {[%emt 00:14:30]} Bc4 {[%clk 00:25:28]} {[%emt 00:09:49]} 19.
Be5 {[%clk 00:46:26]} {[%emt 00:09:52]} f6 {[%clk 00:21:36]} {[%emt 00:04:22]}
20. Bb2 {[%clk 00:45:14]} {[%emt 00:01:41]} e5 {[%clk 00:20:51]} {[%emt
00:01:15]} 21. Bd3 {[%clk 00:43:23]} {[%emt 00:02:22]} Bxd3 {[%clk 00:19:10]}
{[%emt 00:02:11]} 22. Qxd3 {[%clk 00:43:50]} {[%emt 00:00:02]} Rd8 {[%clk
00:19:30]} {[%emt 00:00:10]} 23. Qb3 {[%clk 00:36:29]} {[%emt 00:07:51]} Bf8
{[%clk 00:15:55]} {[%emt 00:04:05]} 24. Ba3 {[%clk 00:30:01]} {[%emt 00:06:59]}
Bxa3 {[%clk 00:14:49]} {[%emt 00:01:36]} 25. Rxa3 {[%clk 00:30:14]} {[%emt
00:00:17]} Qd6 {[%clk 00:14:58]} {[%emt 00:00:21]} 26. Qa2 {[%clk 00:27:42]}
{[%emt 00:03:02]} a6 {[%clk 00:12:26]} {[%emt 00:03:03]} 27. Nd2 {[%clk
00:25:37]} {[%emt 00:02:34]} b5 {[%clk 00:12:14]} {[%emt 00:00:42]} 28. Nb3
{[%clk 00:24:27]} {[%emt 00:01:40]} Rc8 {[%clk 00:09:10]} {[%emt 00:03:34]} 29.
Na5 {[%clk 00:23:29]} {[%emt 00:01:28]} Kg7 {[%clk 00:08:48]} {[%emt 00:00:52]}
30. h4 {[%clk 00:15:30]} {[%emt 00:08:29]} Nd7 {[%clk 00:07:45]} {[%emt
00:01:32]} 31. Nc6 {[%clk 00:14:24]} {[%emt 00:01:37]} Nc5 {[%clk 00:07:57]}
{[%emt 00:00:17]} 32. h5 {[%clk 00:12:22]} {[%emt 00:02:33]} Na4 {[%clk
00:07:06]} {[%emt 00:01:20]} 33. Rh3 {[%clk 00:11:11]} {[%emt 00:01:42]} g5
{[%clk 00:04:44]} {[%emt 00:02:53]} 34. h6+ {[%clk 00:11:05]} {[%emt 00:00:36]}
Kh8 {[%clk 00:04:55]} {[%emt 00:00:17]} 35. Qb3 {[%clk 00:09:15]} {[%emt
00:02:21]} Rg8 {[%clk 00:04:21]} {[%emt 00:01:03]} 36. Qg3 {[%clk 00:07:50]}
{[%emt 00:01:55]} Nb2 {[%clk 00:03:45]} {[%emt 00:01:07]} 37. Qg4 {[%clk
00:05:35]} {[%emt 00:02:45]} Nc4 {[%clk 00:03:56]} {[%emt 00:00:19]} 38. Rd1
{[%clk 00:05:07]} {[%emt 00:00:57]} a5 {[%clk 00:03:33]} {[%emt 00:00:54]} 39.
Rf3 {[%clk 00:03:42]} {[%emt 00:01:56]} Rac8 {[%clk 00:03:04]} {[%emt
00:00:58]} 40. Rb1 {[%clk 00:03:34]} {[%emt 00:00:38]} Nd2 {[%clk 00:02:59]}
{[%emt 00:00:35]} 41. Rxb5 {[%clk 00:03:46]} {[%emt 00:00:18]} Nxf3+ {[%clk
00:03:15]} {[%emt 00:00:14]} 42. Qxf3 {[%clk 00:04:14]} {[%emt 00:00:02]} Rgf8
{[%clk 00:02:11]} {[%emt 00:01:34]} 43. Rxa5 {[%clk 00:04:20]} {[%emt
00:00:24]} Rxc6 {[%clk 00:01:56]} {[%emt 00:00:46]} 44. dxc6 {[%clk 00:04:09]}
{[%emt 00:00:40]} Qxc6 {[%clk 00:02:24]} {[%emt 00:00:02]} 45. Qa3 {[%clk
00:03:19]} {[%emt 00:01:20]} Rc8 {[%clk 00:00:37]} {[%emt 00:02:13]} 46. Ra6
{[%clk 00:03:23]} {[%emt 00:00:30]} Qd7 {[%clk 00:00:00]} {[%emt 00:00:37]} 1-0

[Event "English Open Championship 2024"]
[Site "Holiday Inn, 212 Abbey End, Kenilworth CV8 1ED, United Kingdom"]
[Date "2024.06.21"]
[Round "4.34"]
[White "Green, Michael"]
[Black "Kothari, Jai"]
[Result "1-0"]
[TimeControl "G90 + 30secs/move"]
[WhiteFideId "437514"]
[BlackFideId "477117"]
[WhiteElo "1961"]
[BlackElo "2038"]

1. c3 {[%clk 01:30:54]} {[%emt 00:00:05]} c5 {[%clk 01:30:56]} {[%emt
00:00:05]} 2. d4 {[%clk 01:31:11]} {[%emt 00:00:13]} Nf6 {[%clk 01:30:25]}
{[%emt 00:01:02]} 3. Bf4 {[%clk 01:31:32]} {[%emt 00:00:08]} d5 {[%clk
01:29:48]} {[%emt 00:01:07]} 4. e3 {[%clk 01:31:47]} {[%emt 00:00:15]} Bf5
{[%clk 01:29:43]} {[%emt 00:00:35]} 5. Qb3 {[%clk 01:31:28]} {[%emt 00:00:49]}
Qc8 {[%clk 01:28:36]} {[%emt 00:01:38]} 6. c4 {[%clk 01:25:30]} {[%emt
00:06:27]} cxd4 {[%clk 01:23:22]} {[%emt 00:05:45]} 7. exd4 {[%clk 01:25:19]}
{[%emt 00:00:38]} e6 {[%clk 01:22:54]} {[%emt 00:00:59]} 8. c5 {[%clk
01:21:47]} {[%emt 00:04:03]} Nc6 {[%clk 01:22:35]} {[%emt 00:00:50]} 9. Nf3
{[%clk 01:21:40]} {[%emt 00:00:35]} Be7 {[%clk 01:22:48]} {[%emt 00:00:18]} 10.
Nbd2 {[%clk 01:20:47]} {[%emt 00:01:22]} Ne4 {[%clk 01:22:43]} {[%emt
00:00:36]} 11. Qa4 {[%clk 01:14:15]} {[%emt 00:07:02]} O-O {[%clk 01:21:12]}
{[%emt 00:02:00]} 12. b4 {[%clk 01:13:45]} {[%emt 00:01:02]} a5 {[%clk
01:20:21]} {[%emt 00:01:21]} 13. b5 {[%clk 01:12:58]} {[%emt 00:01:16]} Nxd2
{[%clk 01:18:17]} {[%emt 00:02:34]} 14. Kxd2 {[%clk 01:07:01]} {[%emt
00:06:27]} Nd8 {[%clk 01:17:22]} {[%emt 00:01:26]} 15. Bd3 {[%clk 01:03:45]}
{[%emt 00:03:46]} Bxd3 {[%clk 01:17:44]} {[%emt 00:00:08]} 16. Kxd3 {[%clk
01:04:08]} {[%emt 00:00:06]} f6 {[%clk 01:18:12]} {[%emt 00:00:03]} 17. Be3
{[%clk 00:58:02]} {[%emt 00:06:35]} e5 {[%clk 01:18:01]} {[%emt 00:00:42]} 18.
Ke2 {[%clk 00:54:00]} {[%emt 00:04:31]} e4 {[%clk 01:13:21]} {[%emt 00:05:11]}
19. Ne1 {[%clk 00:49:29]} {[%emt 00:05:01]} Qg4+ {[%clk 01:12:38]} {[%emt
00:01:12]} 20. Kf1 {[%clk 00:47:26]} {[%emt 00:02:33]} Ne6 {[%clk 01:12:37]}
{[%emt 00:00:31]} 21. h3 {[%clk 00:44:56]} {[%emt 00:03:00]} Qg6 {[%clk
01:12:17]} {[%emt 00:00:48]} 22. g3 {[%clk 00:44:44]} {[%emt 00:00:44]} f5
{[%clk 01:11:54]} {[%emt 00:00:54]} 23. Ng2 {[%clk 00:44:46]} {[%emt 00:00:28]}
Qh5 {[%clk 01:09:25]} {[%emt 00:02:59]} 24. Qb3 {[%clk 00:36:29]} {[%emt
00:08:47]} Rad8 {[%clk 01:09:38]} {[%emt 00:00:16]} 25. Nf4 {[%clk 00:36:20]}
{[%emt 00:00:40]} Qf3 {[%clk 01:05:23]} {[%emt 00:04:43]} 26. Kg1 {[%clk
00:33:44]} {[%emt 00:03:08]} a4 {[%clk 01:05:35]} {[%emt 00:00:17]} 27. Qd1
{[%clk 00:32:32]} {[%emt 00:01:42]} Nxf4 {[%clk 01:05:40]} {[%emt 00:00:25]} 28.
gxf4 {[%clk 00:30:14]} {[%emt 00:02:47]} Qxd1+ {[%clk 01:05:07]} {[%emt
00:01:04]} 29. Rxd1 {[%clk 00:30:40]} {[%emt 00:00:03]} Ra8 {[%clk 01:04:22]}
{[%emt 00:01:16]} 30. Rb1 {[%clk 00:29:29]} {[%emt 00:01:42]} Rfc8 {[%clk
01:04:44]} {[%emt 00:00:07]} 31. Kg2 {[%clk 00:29:13]} {[%emt 00:00:46]} Kf7
{[%clk 01:05:02]} {[%emt 00:00:13]} 32. Rhc1 {[%clk 00:28:29]} {[%emt
00:01:13]} Ke6 {[%clk 01:04:56]} {[%emt 00:00:37]} 33. Kf1 {[%clk 00:28:11]}
{[%emt 00:00:49]} Bf6 {[%clk 01:04:22]} {[%emt 00:01:04]} 34. Ke2 {[%clk
00:27:43]} {[%emt 00:00:57]} h6 {[%clk 01:02:06]} {[%emt 00:02:47]} 35. Rb4
{[%clk 00:23:48]} {[%emt 00:04:24]} Kd7 {[%clk 01:01:40]} {[%emt 00:00:56]} 36.
Rg1 {[%clk 00:21:27]} {[%emt 00:02:51]} Ra7 {[%clk 00:59:26]} {[%emt 00:02:36]}
37. Kd2 {[%clk 00:16:34]} {[%emt 00:05:32]} Raa8 {[%clk 00:55:52]} {[%emt
00:04:03]} 38. Rc1 {[%clk 00:15:32]} {[%emt 00:01:32]} Bd8 {[%clk 00:55:23]}
{[%emt 00:01:00]} 39. Kc2 {[%clk 00:15:15]} {[%emt 00:00:47]} Bf6 {[%clk
00:55:10]} {[%emt 00:00:43]} 40. Kb2 {[%clk 00:15:18]} {[%emt 00:00:27]} g5
{[%clk 00:51:58]} {[%emt 00:03:42]} 41. Ka3 {[%clk 00:14:56]} {[%emt 00:00:52]}
Ra5 {[%clk 00:51:40]} {[%emt 00:00:48]} 42. Rd1 {[%clk 00:11:27]} {[%emt
00:03:58]} Be7 {[%clk 00:49:42]} {[%emt 00:02:29]} 43. Rbb1 {[%clk 00:09:24]}
{[%emt 00:02:33]} Rg8 {[%clk 00:49:25]} {[%emt 00:00:45]} 44. Rg1 {[%clk
00:08:42]} {[%emt 00:01:13]} Raa8 {[%clk 00:47:28]} {[%emt 00:02:28]} 45. Kb4
{[%clk 00:07:32]} {[%emt 00:01:39]} g4 {[%clk 00:43:24]} {[%emt 00:04:34]} 46.
hxg4 {[%clk 00:07:25]} {[%emt 00:00:38]} fxg4 {[%clk 00:43:49]} {[%emt
00:00:04]} 47. Rh1 {[%clk 00:07:15]} {[%emt 00:00:40]} g3 {[%clk 00:43:49]}
{[%emt 00:00:29]} 48. Rh5 {[%clk 00:06:10]} {[%emt 00:01:36]} gxf2 {[%clk
00:43:45]} {[%emt 00:00:35]} 49. Rxd5+ {[%clk 00:06:19]} {[%emt 00:00:21]} Ke8
{[%clk 00:44:14]} {[%emt 00:00:01]} 50. Re5 {[%clk 00:05:36]} {[%emt 00:01:13]}
Kf7 {[%clk 00:43:24]} {[%emt 00:01:20]} 51. Rf1 {[%clk 00:05:49]} {[%emt
00:00:17]} 1-0

[Event "English Open Championship 2024"]
[Site "Holiday Inn, 212 Abbey End, Kenilworth CV8 1ED, United Kingdom"]
[Date "2024.06.21"]
[Round "4.35"]
[White "Hertog, Alexander"]
[Black "Turner, Lewis A"]
[Result "0-1"]
[TimeControl "G90 + 30secs/move"]
[WhiteFideId "488453"]
[BlackFideId "412600"]
[WhiteElo "1943"]
[BlackElo "1929"]

1. d4 {[%clk 01:30:58]} {[%emt 00:00:02]} Nf6 {[%clk 01:30:54]} {[%emt
00:00:06]} 2. c4 {[%clk 01:31:26]} {[%emt 00:00:01]} g6 {[%clk 01:31:19]}
{[%emt 00:00:06]} 3. Nf3 {[%clk 01:31:55]} {[%emt 00:00:02]} Bg7 {[%clk
01:31:41]} {[%emt 00:00:07]} 4. g3 {[%clk 01:32:23]} {[%emt 00:00:03]} O-O
{[%clk 01:32:01]} {[%emt 00:00:09]} 5. Bg2 {[%clk 01:32:51]} {[%emt 00:00:02]}
d6 {[%clk 01:32:25]} {[%emt 00:00:06]} 6. Nc3 {[%clk 01:33:17]} {[%emt
00:00:05]} c5 {[%clk 01:32:47]} {[%emt 00:00:07]} 7. O-O {[%clk 01:33:12]}
{[%emt 00:00:36]} Nc6 {[%clk 01:33:12]} {[%emt 00:00:04]} 8. e3 {[%clk
01:25:06]} {[%emt 00:08:36]} Bf5 {[%clk 01:30:15]} {[%emt 00:03:26]} 9. h3
{[%clk 01:13:19]} {[%emt 00:12:18]} Ne4 {[%clk 01:23:40]} {[%emt 00:07:04]} 10.
Bd2 {[%clk 01:03:42]} {[%emt 00:10:09]} Nxd2 {[%clk 01:21:36]} {[%emt
00:02:33]} 11. Qxd2 {[%clk 01:03:28]} {[%emt 00:00:44]} Rb8 {[%clk 01:18:11]}
{[%emt 00:03:54]} 12. Rfd1 {[%clk 00:48:52]} {[%emt 00:15:07]} a6 {[%clk
01:16:48]} {[%emt 00:01:53]} 13. Nh4 {[%clk 00:48:54]} {[%emt 00:00:29]} Bc8
{[%clk 01:15:10]} {[%emt 00:02:07]} 14. dxc5 {[%clk 00:47:52]} {[%emt
00:01:32]} dxc5 {[%clk 01:14:01]} {[%emt 00:01:39]} 15. Qxd8 {[%clk 00:48:01]}
{[%emt 00:00:22]} Nxd8 {[%clk 01:13:50]} {[%emt 00:00:40]} 16. Nd5 {[%clk
00:41:24]} {[%emt 00:07:07]} Nc6 {[%clk 01:13:56]} {[%emt 00:00:22]} 17. Rd2
{[%clk 00:41:37]} {[%emt 00:00:20]} b5 {[%clk 01:07:20]} {[%emt 00:07:04]} 18.
cxb5 {[%clk 00:41:02]} {[%emt 00:01:06]} axb5 {[%clk 01:07:40]} {[%emt
00:00:10]} 19. Rc1 {[%clk 00:40:37]} {[%emt 00:00:55]} c4 {[%clk 01:06:57]}
{[%emt 00:01:14]} 20. b3 {[%clk 00:39:40]} {[%emt 00:01:27]} e6 {[%clk
01:06:13]} {[%emt 00:01:12]} 21. Nc7 {[%clk 00:26:33]} {[%emt 00:13:38]} c3
{[%clk 01:05:21]} {[%emt 00:01:22]} 22. Rdd1 {[%clk 00:24:49]} {[%emt
00:02:14]} Ne7 {[%clk 01:02:39]} {[%emt 00:03:11]} 23. a4 {[%clk 00:23:55]}
{[%emt 00:01:25]} b4 {[%clk 01:02:36]} {[%emt 00:00:32]} 24. Nb5 {[%clk
00:23:59]} {[%emt 00:00:27]} e5 {[%clk 01:02:03]} {[%emt 00:01:02]} 25. Nc7
{[%clk 00:21:22]} {[%emt 00:03:08]} Bb7 {[%clk 00:55:23]} {[%emt 00:07:08]} 26.
Bxb7 {[%clk 00:21:18]} {[%emt 00:00:36]} Rxb7 {[%clk 00:55:47]} {[%emt
00:00:06]} 27. Nb5 {[%clk 00:21:28]} {[%emt 00:00:20]} Nc6 {[%clk 00:55:01]}
{[%emt 00:01:16]} 28. Nd6 {[%clk 00:20:02]} {[%emt 00:01:57]} Rd7 {[%clk
00:54:57]} {[%emt 00:00:32]} 29. Nc4 {[%clk 00:20:30]} {[%emt 00:00:03]} Rxd1+
{[%clk 00:53:55]} {[%emt 00:01:32]} 30. Rxd1 {[%clk 00:20:57]} {[%emt
00:00:03]} Rd8 {[%clk 00:54:10]} {[%emt 00:00:14]} 31. Rc1 {[%clk 00:20:36]}
{[%emt 00:00:52]} e4 {[%clk 00:52:59]} {[%emt 00:01:39]} 32. Kf1 {[%clk
00:19:50]} {[%emt 00:01:18]} Ne5 {[%clk 00:52:56]} {[%emt 00:00:32]} 33. Nxe5
{[%clk 00:20:18]} {[%emt 00:00:03]} Bxe5 {[%clk 00:53:19]} {[%emt 00:00:06]} 34.
f3 {[%clk 00:16:50]} {[%emt 00:03:59]} Bxg3 {[%clk 00:53:07]} {[%emt 00:00:41]}
35. Ng2 {[%clk 00:17:16]} {[%emt 00:00:05]} exf3 {[%clk 00:53:22]} {[%emt
00:00:15]} 36. Ne1 {[%clk 00:17:37]} {[%emt 00:00:10]} Bxe1 {[%clk 00:53:17]}
{[%emt 00:00:34]} 37. Kxe1 {[%clk 00:17:57]} {[%emt 00:00:10]} Rd2 {[%clk
00:53:34]} {[%emt 00:00:12]} 38. Ra1 {[%clk 00:18:12]} {[%emt 00:00:16]} f2+
{[%clk 00:53:50]} {[%emt 00:00:14]} 39. Kf1 {[%clk 00:18:39]} {[%emt 00:00:03]}
c2 {[%clk 00:54:09]} {[%emt 00:00:11]} 40. Kg2 {[%clk 00:18:56]} {[%emt
00:00:14]} f1=Q+ {[%clk 00:54:11]} {[%emt 00:00:28]} 41. Kxf1 {[%clk 00:19:16]}
{[%emt 00:00:09]} Rd1+ {[%clk 00:54:35]} {[%emt 00:00:06]} 0-1

[Event "English Open Championship 2024"]
[Site "Holiday Inn, 212 Abbey End, Kenilworth CV8 1ED, United Kingdom"]
[Date "2024.06.21"]
[Round "4.36"]
[White "Damodaran, Patrick"]
[Black "Pink, Joshua"]
[Result "1-0"]
[TimeControl "G90 + 30secs/move"]
[WhiteFideId "465429"]
[BlackFideId "424790"]
[WhiteElo "1934"]
[BlackElo "1892"]

1. e4 {[%clk 01:30:38]} {[%emt 00:00:22]} e5 {[%clk 01:30:52]} {[%emt
00:00:07]} 2. Nf3 {[%clk 01:30:52]} {[%emt 00:00:13]} Nf6 {[%clk 01:31:14]}
{[%emt 00:00:11]} 3. Nxe5 {[%clk 01:30:24]} {[%emt 00:00:57]} Nxe4 {[%clk
01:31:33]} {[%emt 00:00:12]} 4. Qe2 {[%clk 01:30:20]} {[%emt 00:00:34]} Qe7
{[%clk 01:31:58]} {[%emt 00:00:05]} 5. Qxe4 {[%clk 01:30:18]} {[%emt 00:00:33]}
d6 {[%clk 01:32:22]} {[%emt 00:00:05]} 6. d4 {[%clk 01:29:54]} {[%emt
00:00:54]} dxe5 {[%clk 01:32:45]} {[%emt 00:00:06]} 7. Qxe5 {[%clk 01:29:36]}
{[%emt 00:00:49]} Qxe5+ {[%clk 01:32:59]} {[%emt 00:00:16]} 8. dxe5 {[%clk
01:30:01]} {[%emt 00:00:06]} Nc6 {[%clk 01:33:24]} {[%emt 00:00:05]} 9. f4
{[%clk 01:26:25]} {[%emt 00:04:05]} Nb4 {[%clk 01:31:17]} {[%emt 00:02:37]} 10.
Bd3 {[%clk 01:22:11]} {[%emt 00:04:44]} Nxd3+ {[%clk 01:31:39]} {[%emt
00:00:07]} 11. cxd3 {[%clk 01:22:35]} {[%emt 00:00:07]} Bf5 {[%clk 01:32:06]}
{[%emt 00:00:04]} 12. d4 {[%clk 01:22:17]} {[%emt 00:00:47]} O-O-O {[%clk
01:32:30]} {[%emt 00:00:06]} 13. Be3 {[%clk 01:22:09]} {[%emt 00:00:38]} Bb4+
{[%clk 01:31:07]} {[%emt 00:01:53]} 14. Nc3 {[%clk 01:21:20]} {[%emt 00:01:20]}
Rhe8 {[%clk 01:29:42]} {[%emt 00:01:53]} 15. Kf2 {[%clk 01:14:52]} {[%emt
00:06:59]} f6 {[%clk 01:25:12]} {[%emt 00:05:01]} 16. a3 {[%clk 01:11:55]}
{[%emt 00:03:27]} fxe5 {[%clk 01:23:43]} {[%emt 00:01:58]} 17. fxe5 {[%clk
01:10:59]} {[%emt 00:01:26]} Ba5 {[%clk 01:22:45]} {[%emt 00:01:26]} 18. h3
{[%clk 01:09:07]} {[%emt 00:02:24]} Rf8 {[%clk 01:22:36]} {[%emt 00:00:39]} 19.
Ke2 {[%clk 01:09:07]} {[%emt 00:00:30]} c5 {[%clk 01:22:41]} {[%emt 00:00:25]}
20. Nb5 {[%clk 01:00:10]} {[%emt 00:09:27]} cxd4 {[%clk 01:18:54]} {[%emt
00:04:16]} 21. Bxd4 {[%clk 00:59:28]} {[%emt 00:01:12]} Rd5 {[%clk 01:16:53]}
{[%emt 00:02:31]} 22. Nd6+ {[%clk 00:58:46]} {[%emt 00:01:13]} Kb8 {[%clk
01:16:10]} {[%emt 00:01:12]} 23. Nxf5 {[%clk 00:57:54]} {[%emt 00:01:23]} Rxf5
{[%clk 01:16:26]} {[%emt 00:00:14]} 24. Ke3 {[%clk 00:58:06]} {[%emt 00:00:16]}
Rg5 {[%clk 01:15:16]} {[%emt 00:01:41]} 25. g4 {[%clk 00:53:17]} {[%emt
00:05:18]} Bb6 {[%clk 01:15:09]} {[%emt 00:00:39]} 26. Kf4 {[%clk 00:50:50]}
{[%emt 00:02:57]} h6 {[%clk 01:02:35]} {[%emt 00:13:03]} 27. Bxb6 {[%clk
00:50:24]} {[%emt 00:00:56]} axb6 {[%clk 01:03:01]} {[%emt 00:00:05]} 28. Rhe1
{[%clk 00:48:55]} {[%emt 00:01:56]} Rg6 {[%clk 00:59:20]} {[%emt 00:04:13]} 29.
Rad1 {[%clk 00:45:13]} {[%emt 00:04:12]} Rxd1 {[%clk 00:59:09]} 30. Rxd1 {[%clk
00:45:27]} {[%emt 00:00:58]} Kc7 {[%clk 00:59:22]} {[%emt 00:00:17]} 31. h4
{[%clk 00:44:25]} {[%emt 00:01:31]} Rc6 {[%clk 00:59:39]} {[%emt 00:00:14]} 32.
Rd3 {[%clk 00:42:56]} {[%emt 00:01:59]} g6 {[%clk 00:58:36]} {[%emt 00:01:32]}
33. b3 {[%clk 00:38:22]} {[%emt 00:05:06]} Re6 {[%clk 00:56:33]} {[%emt
00:02:32]} 34. h5 {[%clk 00:38:20]} {[%emt 00:00:26]} gxh5 {[%clk 00:55:30]}
{[%emt 00:01:39]} 35. gxh5 {[%clk 00:38:38]} {[%emt 00:00:12]} Re8 {[%clk
00:55:55]} {[%emt 00:00:05]} 36. Kf5 {[%clk 00:37:31]} {[%emt 00:01:37]} Rf8+
{[%clk 00:55:41]} {[%emt 00:00:44]} 37. Kg6 {[%clk 00:37:51]} {[%emt 00:00:10]}
Re8 {[%clk 00:56:09]} {[%emt 00:00:02]} 38. Kf6 {[%clk 00:36:11]} {[%emt
00:02:10]} Rf8+ {[%clk 00:56:30]} {[%emt 00:00:10]} 39. Ke7 {[%clk 00:35:42]}
{[%emt 00:00:58]} Rf5 {[%clk 00:56:53]} {[%emt 00:00:08]} 40. Rc3+ {[%clk
00:35:48]} {[%emt 00:00:24]} Kb8 {[%clk 00:57:13]} {[%emt 00:00:09]} 41. e6
{[%clk 00:36:12]} {[%emt 00:00:07]} Rxh5 {[%clk 00:57:20]} {[%emt 00:00:22]} 42.
Kf6 {[%clk 00:35:14]} {[%emt 00:01:28]} Rh1 {[%clk 00:57:22]} {[%emt 00:00:28]}
43. Re3 {[%clk 00:35:23]} {[%emt 00:00:21]} Rf1+ {[%clk 00:57:31]} {[%emt
00:00:20]} 44. Kg7 {[%clk 00:35:40]} {[%emt 00:00:12]} Rg1+ {[%clk 00:57:43]}
{[%emt 00:00:20]} 45. Kh8 {[%clk 00:35:38]} {[%emt 00:00:32]} 1-0